Normal view MARC view
  • S.A.Nasar (ed)

Entry Personal Name

Number of records used in: 1

001 - CONTROL NUMBER

  • control field: 96396

003 - CONTROL NUMBER IDENTIFIER

  • control field: NUST

005 - DATE AND TIME OF LATEST TRANSACTION

  • control field: 20220803115148.0

008 - FIXED-LENGTH DATA ELEMENTS

  • fixed length control field: 220803|| aca||aabn | a|a d

040 ## - CATALOGING SOURCE

  • Original cataloging agency: NUST
  • Transcribing agency: NUST

100 ## - HEADING--PERSONAL NAME

  • Personal name: S.A.Nasar (ed)

670 ## - SOURCE DATA FOUND

  • Source citation: Work cat.: (NUST)175562: S.A.Nasar (ed), Handbook of Electric Machines /, 1987
© 2023 Central Library, National University of Sciences and Technology. All Rights Reserved.